000
00318nam a22001337a 4500
008
190305b xxu||||| |||| 00| 0 eng d
020
_a
9780132958554
041
_a
eng
080
_2
3rd
_a
610.73
100
_a
1
101
_a
INF
245
_a
Fluids, Electrolytes, and Acid-Base Balance
_c
Hogan, M
942
_2
udc
_c
BK
999
_c
54474
_d
54474